Ascensores y montacargas / (Registro nro. 1704)
[ vista simple ]
| 000 -LEADER | |
|---|---|
| fixed length control field | 01259nam a2200265Ia 4500 |
| 003 - CONTROL NUMBER IDENTIFIER | |
| control field | PE SENCICO BE |
| 005 - DATE AND TIME OF LATEST TRANSACTION | |
| control field | 20260324151221.0 |
| 008 - FIXED-LENGTH DATA ELEMENTS--GENERAL INFORMATION | |
| fixed length control field | 200515s9999 xx 000 0 und d |
| 020 ## - INTERNATIONAL STANDARD BOOK NUMBER | |
| International Standard Book Number | 84-329-2956-5 |
| 040 ## - CATALOGING SOURCE | |
| Original cataloging agency | PE SENCICO BE |
| Transcribing agency | PE SENCICO BE |
| 041 ## - LANGUAGE CODE | |
| Language code of text/sound track or separate title | spa |
| 082 ## - DEWEY DECIMAL CLASSIFICATION NUMBER | |
| Classification number | 621.877 |
| Item number | L36 1976 |
| 100 1# - MAIN ENTRY--PERSONAL NAME | |
| Personal name | Ledo Ovies; José M. |
| 9 (RLIN) | 615 |
| Relator term | autor |
| 245 10 - TITLE STATEMENT | |
| Title | Ascensores y montacargas / |
| Statement of responsibility, etc. | José M. Ledo Ovies |
| 250 ## - EDITION STATEMENT | |
| Edition statement | 7a ed. |
| 260 ## - PUBLICATION, DISTRIBUTION, ETC. | |
| Place of publication, distribution, etc. | Barcelona : |
| Name of publisher, distributor, etc. | ediciones CEAC ; |
| Date of publication, distribution, etc. | 1976 |
| 300 ## - PHYSICAL DESCRIPTION | |
| Extent | 187 páginas : |
| Other physical details | ilustraciones ; |
| Dimensions | 21 cm. |
| 490 ## - SERIES STATEMENT | |
| Materials specified | Enciclopedia CEAC de construcción |
| 505 0# - FORMATTED CONTENTS NOTE | |
| Formatted contents note | Recintos -- Diferentes partes de los ascensores y montacargas -- Montacargas -- Ascensores |
| 520 3# - SUMMARY, ETC. | |
| Summary, etc. | Guía útil y de fácil manejo para el constructor de edificios en los que han de instalarse aparatos elevadores. En los primeros capítulos se orienta al que proyecta los planos de un edificio, para que prevea todo lo concerniente a ascensores. Los demás capítulos describen todos los detalles sobre construcción, funcionamiento sistemas, manejo y demás particularidades inherentes a los aparatos elevadores en general |
| 650 10 - SUBJECT ADDED ENTRY--TOPICAL TERM | |
| Topical term or geographic name entry element | Ascensores |
| 9 (RLIN) | 616 |
| 650 20 - SUBJECT ADDED ENTRY--TOPICAL TERM | |
| Topical term or geographic name entry element | Montacargas |
| 9 (RLIN) | 617 |
| 650 20 - SUBJECT ADDED ENTRY--TOPICAL TERM | |
| Topical term or geographic name entry element | Maquinaria |
| 9 (RLIN) | 618 |
| 942 ## - ADDED ENTRY ELEMENTS (KOHA) | |
| Koha item type | Libros |
| Source of classification or shelving scheme | Dewey Decimal Classification |
| Fecha de la última vez que lo usaron | Número de ingreso o de inventario | Pago total | Signatura topográfica completa | Código de barras | Tipo de documento | Estado perdido | Sistema de clasificación | Estado dañado | No es para préstamo | Retirado | Ubicación permanente | Ubicación actual | Precio efectivo desde | Fecha de adquisición |
|---|---|---|---|---|---|---|---|---|---|---|---|---|---|---|
| 15/05/2020 | 1500 | 621.877/L36/1976 | BibLima26032699 | Libros | Dewey Decimal Classification | Biblioteca Central Lima | Biblioteca Central Lima | |||||||
| 24/03/2026 | 1520 | 621.877/L36/1976/ej. 2 | BibLima26032700 | Libros | Dewey Decimal Classification | Biblioteca Central Lima | Biblioteca Central Lima | 24/03/2026 | 24/03/2026 | |||||
| 24/03/2026 | 1496 | 621.877/L36/1976/ej. 3 | BibLima26032701 | Libros | Dewey Decimal Classification | Biblioteca Central Lima | Biblioteca Central Lima | 24/03/2026 | 24/03/2026 | |||||
| 24/03/2026 | 621.877/L36/1976 | BibZpiur26032702 | Libros | Dewey Decimal Classification | Biblioteca Piura | Biblioteca Piura | 24/03/2026 | 24/03/2026 |